Państwa z polskimi znakami w nazwie - Statystyki

Ogólne statystyki
  • Ten quiz został rozwiązany 246 razy
    231 od ostatniego zresetowania
  • Średni wynik to 23 z 34
Statystyki odpowiedzi
Litera Państwo % Poprawnych
Ł Łotwa
93%
Ł Słowacja
78%
Ł Słowenia
78%
Ę Węgry
78%
Ł Białoruś
76%
Ś Białoruś
76%
Ó Korea Północna
75%
Ł Korea Północna
75%
Ł Republika Południowej Afryki
74%
Ą Republika Zielonego Przylądka
74%
Ł Korea Południowa
72%
Ł Mołdawia
71%
Ą Wyspy Świętego Tomasza i Książęca
69%
Ę Wyspy Świętego Tomasza i Książęca
69%
Ś Wyspy Świętego Tomasza i Książęca
69%
Ż Wyspy Świętego Tomasza i Książęca
69%
Ó Macedonia Północna
68%
Ł Macedonia Północna
68%
Ń Republika Środkowoafrykańska
68%
Ś Republika Środkowoafrykańska
68%
Ł Włochy
68%
Ś Bośnia i Hercegowina
66%
Ż Fidżi
66%
Ż Tadżykistan
65%
Ł Wybrzeże Kości Słoniowej
63%
Ś Wybrzeże Kości Słoniowej
63%
Ż Wybrzeże Kości Słoniowej
63%
Ó Czarnogóra
62%
Ż Azerbejdżan
61%
Ł Bułgaria
61%
Ż Dżibuti
58%
Ż Kambodża
58%
Ł Sudan Południowy
57%
Ó Gwinea Równikowa
56%
Nie znaleziono quizów pasujących do podanych kryteriów
Rozkład punktacji
Procent ludzi z każdym wynikiem
Percentyl według liczby udzielonych odpowiedzi
Twoja historia wyników
Nie rozwiązałeś tego quizu od ostatniego zresetowania